| 000 | 00590nam a2200229Ia 4500 | ||
|---|---|---|---|
| 001 | 11958 | ||
| 003 | GE_BSU | ||
| 008 | 181216s||||||||xx |||||||||||||| ||und|| | ||
| 020 | _a9780071496063 | ||
| 040 | _cGE_BSU | ||
| 080 | _a61 | ||
| 100 | _aBodenheimer, Thomas S.Grumbach, Kevin | ||
| 245 | _aUnderstanding Health Policy: A Clinical Approach | ||
| 250 | _a5th edition | ||
| 260 | _aUnited States,New York | ||
| 260 | _c2009 | ||
| 300 | _a222p.23cm. | ||
| 541 | _h42Gel. | ||
| 653 | _aPublic Health & Preventive Medicine | ||
| 653 | _aUnderstanding Health Policy: | ||
| 942 | _cBK | ||
| 999 |
_c45135 _d45135 |
||